| 000 | 01040nam a2200229 i 4500 | ||
|---|---|---|---|
| 001 | 41125 | ||
| 003 | ES-MaACL | ||
| 005 | 20250822063116.0 | ||
| 007 | t| | ||
| 008 | 030310s1837 sp ||||1| spa d | ||
| 100 | 1 |
_aCapuron, Joseph, _d1767-1850 _9174472 |
|
| 245 | 1 | 0 |
_aTratado de las enfermedades de las mujeres : _bdesde la edad de la pubertad hasta la crítica inclusive / _cescrito en francés por J. Capuron ; traducido por el Dr. D. Higinio Lorente. |
| 250 | _aNueva ed., puesta al nivel de los conocimientos actuales por el Dr. D. José Rodrigo. | ||
| 260 |
_aMadrid : _b[s.n.], _c1837 ( _fImp. que fue de Fuentenebro) |
||
| 300 |
_a2 v. (VIII, 287 ; 368 p.) ; _c16 cm. |
||
| 530 | _aVol. 1 disponible en formato digital. | ||
| 650 | 4 |
_aGinecología. _913119 |
|
| 700 | 1 |
_aLorente, Higinio Antonio. _974098 |
|
| 852 | 4 |
_aES-MaACL _jG-10359-60 |
|
| 856 | 4 |
_uhttp://bipadi.ub.edu/cdm/ref/collection/salutdona/id/126395 _zBiblioteca Patrimonial Digital de la Universitat de Barcelona _z(V. 1) |
|
| 999 |
_c41125 _d41125 |
||